000
00276nam a22001097a 4500
008
170105b xxu||||| |||| 00| 0 eng d
020
_a
9781416056591
041
_a
eng
080
_2
6TH
_a
618.2
245
_a
SUCCESS IN PRACTICAL/ VOCATIONAL NURSING
_c
HOWLETT, H
942
_2
udc
_c
BK
999
_c
2550
_d
2550